Top 10 dos países com maior perda anual de área florestal - Statistics

Estatísticas Gerais
  • Esse quiz foi jogado 118 vezes
  • A pontuação média é 5 de 10
Estatísticas das Respostas
Ranking Resposta 1000ha/ano % % Correto
1 Brasil -1496 -0,30
100%
2 RD Congo -1101 -0,83
62%
3 Indonésia -753 -0,78
57%
9 Bolívia -225 -0,43
51%
5 Tanzânia -421 -0.88
47%
4 Angola -555 -0.80
46%
10 Moçambique -223 -0,59
45%
6 Paraguai -347 -1,93
34%
7 Myanmar -290 -0,96
24%
8 Camboja -252 -2,68
21%
Nenhum quiz correspondente encontrado
Distribuição das Pontuações
Porcentagem de Pessoas com Cada Pontuação
Percentil de Números Respondidos
Sua Pontuação Histórica
Você não jogou esse quiz